三國志14 魅力トップ - Statistics

General Stats
  • This quiz has been taken 5 times
  • The average score is 18 of 47
Answer Stats
能力値 人物 % Correct
99 劉備
100%
96 曹操
100%
95 孫権
100%
94 関羽
100%
93 諸葛亮
100%
91 孫策
100%
90 孫堅
100%
94 周瑜
75%
94 荀彧
75%
92 袁紹
75%
91 陸遜
75%
90 司馬懿
75%
89 馬騰
75%
89 魯粛
50%
86 荀攸
50%
85 劉表
50%
98 張角
25%
95 貂蝉
25%
92 小喬
25%
92 大喬
25%
90 諸葛瑾
25%
90 曹叡
25%
89 士燮
25%
89 張魯
25%
88 孫登
25%
88 鄧芝
25%
88 卞氏
25%
87 孫乾
25%
87 陸抗
25%
86 張宝
25%
86 程普
25%
86 馬良
25%
86 劉焉
25%
85 伊籍
25%
85 盧植
25%
92 劉虞
0%
91 羊祜
0%
90 甄氏
0%
89 曹真
0%
88 夏侯惇
0%
87 蔡邕
0%
87 司馬攸
0%
87 歩練師
0%
86 王元姫
0%
85 王祥
0%
85 崔琰
0%
85 張既
0%
No matching quizzes found
Score Distribution
Percent of People with Each Score
Percentile by Number Answered
Your Score History
You have not taken this quiz